000 00213nmm a2200085Ia 4500
008 220120s9999||||xx |||||||||||||||||und||
100 _aBPB publication
_91389
245 0 _aSoftware testing
260 _aBPB publication
999 _c139563
_d139563